000 01471nam a22003497a 4500
003 CHAP
005 20220329142328.0
008 200724d1999 mx rs o00110 spa d
010 _a81808
011 _a82780
020 _a9701327063
035 _a93283
040 _cCHAP
082 0 4 _a333.0972
_bI55 Sin. 1992-98
110 2 _aInstituto Nacional de Estadística, Geografía e Informática. México
_959304
245 1 0 _aTabulados básicos ejidales por municipio :
_bSinaloa : programa de certificación de derechos ejidales y titulación de solares urbanos, PROCEDE 1992-1998
_c/por Instituto Nacional de Estadística, Geografía e Informática
260 _aAguascalientes, Ags. :
_bInstituto Nacional de Estadística, Geografía e Informática,
_c1999.
300 _a51 p. :
_banexos
590 _aBATCH-UPD
_b10
_c20130110
_lUCH01
_h1754
590 _aBATCH-UPD
_b10
_c20130410
_lUCH01
_h1131
590 _aBATCH-UPD
_b10
_c20130914
_lUCH01
_h1332
590 _aCONVERSION
_b10
_c20130109
_lUCH01
_h1345
650 1 4 _aEjidos
_xSinaloa.
_936029
650 1 4 _aParcelas.
_985484
650 1 4 _aTierras
_xTenencia
_xSinaloa.
_9113198
650 1 4 _aTierras
_xUtilización
_xSinaloa.
_9113256
901 _aBK
905 _aPatricia Mendoza P.
942 _cLIBRO
949 _a333.0972 I55 Sin. 1992-98
_bBC
_cINEGI
_d33724000771788
_eINEGI
_h98325
_i93283
_kDonaciØn
_sb
949 _a333.0972 I55 Sin. 1992-98
_bBC
_cINEGI
_d33724000869632
_eINEGI
_fc.2
_gDonaciØn
_h102710
_i93283
_sb
999 _c81808
_d81808